Economics of farm Production and Management (Record no. 5605)

MARC details
000 -LEADER
fixed length control field 00364nam a22001457a 4500
005 - DATE AND TIME OF LATEST TRANSACTION
control field 20170925144802.0
008 - FIXED-LENGTH DATA ELEMENTS--GENERAL INFORMATION
fixed length control field 170925b xxu||||| |||| 00| 0 eng d
041 ## - LANGUAGE CODE
Language code of text/sound track or separate title eng
082 ## - DEWEY DECIMAL CLASSIFICATION NUMBER
Classification number 338.17
100 ## - MAIN ENTRY--AUTHOR NAME
Personal name Raju,V.T and Rao, D .V .S
245 ## - TITLE STATEMENT
Title Economics of farm Production and Management
260 ## - PUBLICATION, DISTRIBUTION, ETC. (IMPRINT)
Place of publication New Delhi
Name of publisher Oxford IBH
300 ## - PHYSICAL DESCRIPTION
Number of Pages 207
942 ## - ADDED ENTRY ELEMENTS (KOHA)
Koha item type Books
Holdings
Lost status Damaged status Collection code Home library Current library Shelving location Date acquired Source of acquisition Cost, normal purchase price Full call number Accession Number Koha item type
    Reference JRU Library JRU Library SHELF-2-B 25/09/2017 Purchase 400.00 338.17 22087 Books
    AGRICULTURE JRU Library JRU Library SHELF-45-H 25/09/2017 Purchase 400.00 338.17 22088 Books
    AGRICULTURE JRU Library JRU Library SHELF-45-H 25/09/2017 Purchase 400.00 338.17 22089 Books
    AGRICULTURE JRU Library JRU Library SHELF-45-H 25/09/2017 Purchase 400.00 338.17 22090 Books
    AGRICULTURE JRU Library JRU Library SHELF-45-H 25/09/2017 Purchase 400.00 338.17 22091 Books
    AGRICULTURE JRU Library JRU Library SHELF-45-H 25/09/2017 Purchase 400.00 338.17 22092 Books